000 00880nam a2200301 i 4500
001 000012873
003 DO-SdBNP
005 20260304094324.0
007 ta
008 091118s2022 dr 000 j spa d
020 _a9789945510157
040 _aDO-SdBNP
_bspa
_cBNPHU
_erda
082 4 _aRD863.44
_bP379f, 2022
_222
100 1 _aPeix, Pedro
_d1952-2015
_925675
245 1 3 _aEl fantasma de la calle el Conde /
_cPedro Peix.
260 _bTaller,
_c1988.
264 _aSanto Domingo :
_bNacional,
_c2022
300 _a78 p. ;
_c24 cm.
336 _2rdacontent
_atexto
_btxt
337 _2rdamedia
_asin mediacion
_bn
338 _2rdacarrier
_avolumen
_bnc
490 0 _aHomenaje
590 _aInventariado, 2023 / DG
650 0 _aCuentos dominicanos
_9176
650 0 _aLiteratura dominicana.
_967
910 _aDG/Validado. Control de calidad MFF
942 _2ddc
_cLBS1
999 _c53720
_d53720